000 00350nam a2200169Ia 4500
100 _aRao/Kanta B
650 _aEmbedded
942 _cBK
366 _f25
654 _aembedded
245 _aEmbedded systems
260 _bPrentice -Hall of India
_c2011
082 _a3.3
_bRAO
300 _a540
546 _aENGLISH
_cPAMPHALETS
999 _c22768
_d22768